| 000 | 00514nam a2200181Ia 4500 | ||
|---|---|---|---|
| 999 |
_c36950 _d36950 |
||
| 003 | OSt | ||
| 005 | 20210123103220.0 | ||
| 008 | 190216s9999||||xx |||||||||||||| ||und|| | ||
| 020 | _a9780070660373 | ||
| 040 | _coclc | ||
| 082 |
_a530 _bMCG/C |
||
| 100 |
_aMcGraw Hill _97653 |
||
| 245 | 0 |
_aCourse In Physics For IIT-JEE / _cMcGraw Hill |
|
| 260 |
_bTata Mcgrawhill Publishers, _c2008. _aNew Delhi: |
||
| 300 | _a1237p | ||
| 650 | _aReferences | ||
| 942 |
_cREF _2ddc _h530 _iMCG/C _k530 _mMCG/C |
||